000 00694nam a2200229 a 4500
999 _c3108
_d3108
001 3108
003 BD-JhCC
005 20171109203926.0
008 171109s1981 bg |||| ||a| 000 0 ben d
035 _a(BD-JhCC)3108
040 _aBD-JhCC
_dBD-JhCC
041 _aben
082 _a891.442
_bANU 1981
100 _aঅ্যানুই, জ্যাঁ
245 _aচাঁদের বলয় /
_cজ্যাঁ অ্যানুই,
260 _aঢাকা :
_bবাংলা একাডেমী,
_c1981
300 _a121 p. :
_c20 cm.
650 _aBengali Drama
700 _aখান, নূরুল ইসলাম (অনু)
942 _2ddc
_cBK